[Event "Rewal op-A 12th"]
[Site "Rewal"]
[Date "2007.08.29"]
[Round "9"]
[White "Jensen, Christine"]
[Black "Slezak, Robert"]
[Result "1-0"]
[WhiteElo "2018"]
[BlackElo "2167"]
[PlyCount "79"]
[EventDate "2007.08.20"]
[EventType "swiss"]
[EventRounds "9"]
[EventCountry "POL"]
[SourceTitle "CBM 120 Extra"]
[Source "ChessBase"]
[SourceDate "2007.11.01"]
[SourceVersion "1"]
[SourceVersionDate "2007.11.01"]
[SourceQuality "1"]

1. d4 g6 2. c4 Bg7 3. e4 d6 4. f3 c5 5. d5 Nf6 6. Nc3 a6 7. Be3 Bd7 8. a4 Qa5 9. Ra3 0-0 10. Nge2 Be8 11. Nc1 Nbd7 12. Be2 Qb6 13. Rb3 Qc7 14. 0-0 Nb6 15. Ra3 Rb8 16. a5 Nc8 17. Qd2 b6 18. axb6 Rxb6 19. b3 e5 20. Nd3 Bd7 21. Rfa1 Ne7 22. Rxa6 Rxb3 23. Nxc5 dxc5 24. d6 Qd8 25. dxe7 Qxe7 26. Bg5 Be6 27. Nd5 Bxd5 28. cxd5 Rfb8 29. d6 Rb1+ 30. Rxb1 Rxb1+ 31. Kf2 Qb7 32. Qa5 Nxe4+ 33. fxe4 h6 34. Be3 Qxe4 35. Qd8+ Kh7 36. Ra8 g5 37. Qg8+ Kg6 38. Bh5+ Kxh5 39. Qxf7+ Qg6 40. g4+ 1-0

[Event "Najdorf Memorial op-A"]
[Site "Grodzisk Mazowiecki"]
[Date "2007.07.28"]
[Round "9"]
[White "Jensen, Christine"]
[Black "Witek, Tomasz"]
[Result "0-1"]
[WhiteElo "2018"]
[BlackElo "2105"]
[PlyCount "116"]
[EventDate "2007.07.20"]
[EventType "swiss"]
[EventRounds "9"]
[EventCountry "POL"]
[SourceTitle "CBM 119 Extra"]
[Source "ChessBase"]
[SourceDate "2007.09.04"]
[SourceVersion "1"]
[SourceVersionDate "2007.09.04"]
[SourceQuality "1"]

1. d4 Nf6 2. c4 g6 3. f3 Bg7 4. e4 d6 5. Nc3 c6 6. Be3 a6 7. a4 a5 8. Qd2 Na6 9. Rd1 Nb4 10. Nge2 Qc7 11. Nc1 0-0 12. Bd3 e5 13. Bb1 Nh5 14. 0-0 Nf4 15. Bxf4 exf4 16. Qxf4 Qb6 17. Qd2 Be6 18. b3 d5 19. c5 Qc7 20. e5 b6 21. cxb6 Qxb6 22. Kh1 f6 23. f4 c5 24. Nb5 cxd4 25. Qxd4 Qxd4 26. Nxd4 Bg4 27. exf6 Bxf6 28. Rd2 Rac8 29. h3 Bd7 30. Nce2 Rfe8 31. Kh2 Rc5 32. f5 Bg5 33. Nf4 gxf5 34. Nxf5 Rf8 35. g4 Rc3 36. Re2 d4 37. Ne7+ Bxe7 38. Rxe7 Rf7 39. Rxf7 Kxf7 40. Nd5+ Ke6 41. Nxc3 dxc3 42. Bf5+ Ke7 43. Bxh7 Be6 44. Rf3 Na2 45. Bc2 Kd6 46. Kg3 Kc5 47. Kf4 Kb4 48. Ke5 Bxb3 49. Bg6 Kxa4 50. h4 c2 51. Bxc2 Bxc2 52. h5 Kb4 53. g5 Nc3 54. g6 a4 55. g7 Bh7 56. Rf8 a3 57. g8Q Bxg8 58. Rxg8 a2 0-1

[Event "Najdorf Memorial op-A"]
[Site "Grodzisk Mazowiecki"]
[Date "2007.07.25"]
[Round "6"]
[White "Moskwinski, Tadeusz"]
[Black "Jensen, Christine"]
[Result "1-0"]
[WhiteElo "2246"]
[BlackElo "2018"]
[PlyCount "77"]
[EventDate "2007.07.20"]
[EventType "swiss"]
[EventRounds "9"]
[EventCountry "POL"]
[SourceTitle "CBM 119 Extra"]
[Source "ChessBase"]
[SourceDate "2007.09.04"]
[SourceVersion "1"]
[SourceVersionDate "2007.09.04"]
[SourceQuality "1"]

1. e4 c5 2. Nf3 e6 3. d4 cxd4 4. Nxd4 Nc6 5. Nc3 a6 6. g3 Qc7 7. Bg2 Bb4 8. Nde2 Nge7 9. 0-0 0-0 10. f4 f5 11. a3 Bc5+ 12. Kh1 b5 13. Qd3 Bb7 14. Rd1 Rad8 15. b4 Bb6 16. Be3 Bxe3 17. Qxe3 fxe4 18. Nxe4 Nf5 19. Qd3 Nce7 20. N2c3 d6 21. a4 Nd5 22. Nxd5 Bxd5 23. axb5 Bc4 24. Qf3 axb5 25. Qf2 Rf7 26. Ra6 e5 27. Ng5 Rff8 28. c3 d5 29. Ra7 Qd6 30. Rda1 exf4 31. gxf4 d4 32. R1a6 Qb8 33. cxd4 Rxd4 34. h3 Bd5 35. Bxd5+ Rxd5 36. Qa2 Ne3 37. Ra8 Qxf4 38. Rxf8+ Kxf8 39. Ne6+ 1-0

[Event "Najdorf Memorial op-A"]
[Site "Grodzisk Mazowiecki"]
[Date "2007.07.20"]
[Round "1"]
[White "Jensen, Christine"]
[Black "Deszczynski, Adam"]
[Result "0-1"]
[WhiteElo "2018"]
[BlackElo "2351"]
[PlyCount "81"]
[EventDate "2007.07.20"]
[EventType "swiss"]
[EventRounds "9"]
[EventCountry "POL"]
[SourceTitle "CBM 119 Extra"]
[Source "ChessBase"]
[SourceDate "2007.09.04"]
[SourceVersion "1"]
[SourceVersionDate "2007.09.04"]
[SourceQuality "1"]

1. d4 Nf6 2. c4 g6 3. f3 Bg7 4. e4 d6 5. Be3 0-0 6. Nc3 Nc6 7. Qd2 a6 8. Nge2 Rb8 9. a4 a5 10. Bh6 Bxh6 11. Qxh6 e5 12. h4 Nxd4 13. Nxd4 exd4 14. Nd5 Be6 15. 0-0-0 Bxd5 16. cxd5 c6 17. dxc6 bxc6 18. Rxd4 Qe7 19. Qd2 d5 20. exd5 Nxd5 21. Bc4 Qc5 22. Kb1 Rb4 23. Rc1 Rfb8 24. Rc2 Rxa4 25. Qd3 Rab4 26. h5 Qb6 27. Qd2 Re8 28. hxg6 hxg6 29. Rh4 Qg1+ 30. Rc1 Qe3 31. Qc2 Reb8 32. Bxd5 Rxb2+ 33. Qxb2 Rxb2+ 34. Kxb2 Qf2+ 35. Rc2 Qxh4 36. Bxc6 Qd4+ 37. Ka2 f5 38. Bb5 Kg7 39. Bc4 Kh6 40. g3 Qg1 41. g4 0-1

[Event "Koge Bugt EMT A"]
[Site "Solrod"]
[Date "2001.09.26"]
[Round "7"]
[White "Jensen, Christine"]
[Black "Schmidt, Horst Hubert"]
[Result "1-0"]
[WhiteElo "2028"]
[BlackElo "1607"]
[PlyCount "73"]
[EventDate "2001.08.15"]
[EventType "tourn"]
[EventRounds "7"]
[EventCountry "DEN"]
[SourceTitle "EXT 2023"]
[Source "ChessBase"]
[SourceDate "2022.10.05"]
[SourceVersion "1"]
[SourceVersionDate "2022.10.05"]
[SourceQuality "1"]

1. d4 Nf6 2. c4 b6 3. f3 e6 4. e4 d5 5. cxd5 exd5 6. e5 Nh5 7. Be3 g6 8. Nc3 c6 9. Qd2 Ng7 10. 0-0-0 Bb4 11. Bg5 Qc7 12. Bf6 0-0 13. g4 Bxc3 14. bxc3 Nd7 15. Bxg7 Kxg7 16. h4 Bb7 17. h5 Rh8 18. Bd3 c5 19. Kb1 b5 20. f4 b4 21. f5 bxc3 22. f6+ Kg8 23. Qxc3 Qb6+ 24. Qb2 Qxb2+ 25. Kxb2 cxd4 26. Nf3 Rb8 27. Ka1 Nc5 28. Nxd4 Re8 29. Rhe1 Bc8 30. Bb5 Bd7 31. Bxd7 Nxd7 32. Nc6 Nb6 33. Ne7+ Kf8 34. Nxd5 gxh5 35. Nc7 Rb8 36. Rd4 hxg4 37. Red1 1-0

[Event "Koge Bugt EMT A"]
[Site "Solrod"]
[Date "2001.08.22"]
[Round "2"]
[White "Jensen, Christine"]
[Black "Krogh, Peter Ove"]
[Result "0-1"]
[WhiteElo "2028"]
[BlackElo "1902"]
[PlyCount "108"]
[EventDate "2001.08.15"]
[EventType "tourn"]
[EventRounds "7"]
[EventCountry "DEN"]
[SourceTitle "EXT 2023"]
[Source "ChessBase"]
[SourceDate "2022.10.05"]
[SourceVersion "1"]
[SourceVersionDate "2022.10.05"]
[SourceQuality "1"]

1. d4 Nf6 2. c4 e6 3. Nf3 b6 4. g3 Ba6 5. Qc2 d5 6. b3 Bb4+ 7. Bd2 c5 8. Bxb4 cxb4 9. Bg2 Nbd7 10. Ne5 Rc8 11. Qd2 Qe7 12. 0-0 Qd6 13. Nxd7 Qxd7 14. Qxb4 dxc4 15. Nc3 Nd5 16. Nxd5 exd5 17. Rfe1 f5 18. Rec1 Kf7 19. bxc4 Bxc4 20. e3 Rc7 21. Qd2 Rhc8 22. Rc3 b5 23. a3 Rb8 24. f3 Re8 25. Rd1 Kg8 26. Qc2 g6 27. e4 fxe4 28. fxe4 dxe4 29. Bxe4 Kg7 30. Bf3 Qd6 31. Qf2 Qf6 32. Re3 Rxe3 33. Qxe3 Re7 34. Qc3 Kg8 35. Rd2 Qe6 36. Rf2 Qe1+ 37. Qxe1 Rxe1+ 38. Kg2 Ra1 39. d5 Rxa3 40. Rd2 Ra2 41. Rxa2 Bxa2 42. d6 Kf7 43. Kf2 Bc4 44. Bc6 a5 45. Ke3 a4 46. Kd4 a3 47. Kc3 Ke6 48. d7 Ke7 49. h4 h6 50. Kc2 g5 51. Kc3 Kd8 52. Kc2 b4 53. hxg5 hxg5 54. Ba4 Be6 0-1

[Event "Olympiad Women-34"]
[Site "Istanbul"]
[Date "2000.11.05"]
[Round "8.3"]
[White "Jensen, Christine"]
[Black "Pina Vega, Sulennis"]
[Result "1/2-1/2"]
[WhiteElo "2030"]
[BlackElo "2312"]
[PlyCount "91"]
[EventDate "2000.10.28"]
[EventType "team-swiss"]
[EventRounds "14"]
[EventCountry "TUR"]
[SourceTitle "EXT 2001"]
[Source "ChessBase"]
[SourceDate "2000.11.22"]
[SourceVersion "1"]
[SourceVersionDate "2000.11.22"]
[SourceQuality "1"]
[WhiteTeam "Denmark (W)"]
[BlackTeam "Cuba (W)"]
[WhiteTeamCountry "DEN"]
[BlackTeamCountry "CUB"]

1. d4 Nf6 2. c4 d6 3. Nc3 Nbd7 4. e4 e5 5. d5 Be7 6. Bd3 0-0 7. Nge2 c6 8. 0-0 a6 9. a4 a5 10. Kh1 Nc5 11. Bc2 cxd5 12. cxd5 b6 13. Ng3 Ba6 14. Re1 Ne8 15. Nce2 Rc8 16. f4 Bf6 17. Nh5 Bh4 18. Rf1 g6 19. Nhg3 Bxg3 20. hxg3 Nf6 21. Ra3 Nfxe4 22. fxe5 dxe5 23. Bh6 Re8 24. Raf3 f5 25. Re3 Qd6 26. g4 Qd8 27. Qe1 f4 28. Rxe4 Nxe4 29. Bxe4 Bxe2 30. Qxe2 Qh4+ 31. Kg1 Qxh6 32. d6 Qg7 33. Qb5 Red8 34. Rd1 Qf6 35. Qxb6 Rb8 36. Qc7 Rxb2 37. Qc4+ Kh8 38. Qc5 Rb4 39. Bc6 Rd4 40. Rxd4 exd4 41. d7 d3 42. g5 Qg7 43. Qb6 Qe7 44. Qd4+ Qg7 45. Qb6 Qe7 46. Qd4+ 1/2-1/2

[Event "Olympiad Women-34"]
[Site "Istanbul"]
[Date "2000.11.04"]
[Round "7.3"]
[White "Dengler, Dijana"]
[Black "Jensen, Christine"]
[Result "1/2-1/2"]
[WhiteElo "2120"]
[BlackElo "2030"]
[PlyCount "95"]
[EventDate "2000.10.28"]
[EventType "team-swiss"]
[EventRounds "14"]
[EventCountry "TUR"]
[SourceTitle "EXT 2001"]
[Source "ChessBase"]
[SourceDate "2000.11.22"]
[SourceVersion "1"]
[SourceVersionDate "2000.11.22"]
[SourceQuality "1"]
[WhiteTeam "Bosnia&Herzegovina (W)"]
[BlackTeam "Denmark (W)"]
[WhiteTeamCountry "BIH"]
[BlackTeamCountry "DEN"]

1. d4 Nf6 2. c4 c5 3. d5 e5 4. Nc3 d6 5. e4 Be7 6. Bd3 0-0 7. Nge2 Ne8 8. Ng3 Bg5 9. h4 Bxc1 10. Qxc1 Nd7 11. Qd2 a6 12. a4 b6 13. Nf1 Ndf6 14. h5 Rb8 15. f3 h6 16. g4 Nh7 17. Ng3 Qg5 18. Qf2 Bd7 19. Ke2 Nc7 20. Rhb1 b5 21. axb5 axb5 22. cxb5 Nxb5 23. Nxb5 Bxb5 24. Bxb5 Rxb5 25. Nf5 Rfb8 26. Kf1 Qd8 27. Ra6 R8b6 28. Qe2 Rb3 29. Rxb6 Rxb6 30. Ra1 Ng5 31. Ra6 Kh7 32. Kg2 Qb8 33. Rxb6 Qxb6 34. Qc2 g6 35. hxg6+ fxg6 36. Ne3 Nf7 37. Qc3 Nd8 38. Kg3 Nb7 39. f4 exf4+ 40. Kxf4 Qd8 41. Nc4 Qf8+ 42. Kg3 g5 43. Qe3 Qf6 44. Qf3 Qxf3+ 45. Kxf3 Kg6 46. Ne3 Nd8 47. Nf5 Nf7 48. Kg3 1/2-1/2

[Event "Lisbon Summer op"]
[Site "Lisbon"]
[Date "2000.08.21"]
[Round "1"]
[White "Santos, Carlos Pereira Dos"]
[Black "Jensen, Christine"]
[Result "1-0"]
[WhiteElo "2385"]
[BlackElo "2030"]
[PlyCount "93"]
[EventDate "2000.08.21"]
[EventType "swiss"]
[EventRounds "10"]
[EventCountry "POR"]
[SourceTitle "EXT 2001"]
[Source "ChessBase"]
[SourceDate "2000.11.22"]
[SourceVersion "1"]
[SourceVersionDate "2000.11.22"]
[SourceQuality "1"]

1. d4 Nf6 2. c4 c5 3. d5 e5 4. Nc3 d6 5. e4 Be7 6. h4 Na6 7. g3 Nc7 8. Bh3 0-0 9. Be3 a6 10. a4 b6 11. Rb1 b5 12. axb5 axb5 13. cxb5 Bxh3 14. Nxh3 Qd7 15. Bg5 Nxb5 16. Nxb5 Qxb5 17. Qe2 Qb4+ 18. Kf1 Rfb8 19. Kg2 Ra2 20. Rhc1 Rxb2 21. Rxb2 Qxb2 22. Qxb2 Rxb2 23. Ra1 Rb8 24. Ra7 Kf8 25. Bxf6 Bxf6 26. Ng5 Bxg5 27. hxg5 h6 28. gxh6 gxh6 29. Rc7 Kg7 30. Rc6 Rd8 31. Kh3 Kg6 32. f4 Kf6 33. Kg4 Rg8+ 34. Kf3 Rd8 35. Kg4 Rg8+ 36. Kh4 Rd8 37. Kh5 Ke7 38. fxe5 dxe5 39. Rxc5 f5 40. exf5 Kf6 41. g4 e4 42. Rc6+ Ke5 43. Re6+ Kf4 44. d6 e3 45. f6 e2 46. Rxe2 Rxd6 47. f7 1-0

[Event "DEN-chT 9899"]
[Site "Denmark"]
[Date "1999.03.20"]
[Round "6.8"]
[White "Nielsen, Jan"]
[Black "Jensen, Christine"]
[Result "1/2-1/2"]
[WhiteElo "2245"]
[BlackElo "2010"]
[PlyCount "53"]
[EventDate "1998.11.01"]
[EventType "team-tourn"]
[EventRounds "7"]
[EventCountry "DEN"]
[SourceTitle "EXT 2023"]
[Source "ChessBase"]
[SourceDate "2022.10.05"]
[SourceVersion "1"]
[SourceVersionDate "2022.10.05"]
[SourceQuality "1"]
[WhiteTeam "Gistrup"]
[BlackTeam "Espergaerde"]
[WhiteTeamCountry "DEN"]
[BlackTeamCountry "DEN"]

1. e4 c5 2. f4 e6 3. Nf3 d5 4. e5 Nc6 5. g3 b6 6. Bg2 Bb7 7. 0-0 Be7 8. d3 h5 9. h3 Qd7 10. a4 0-0-0 11. Bd2 Nh6 12. Nc3 Nf5 13. Ne2 f6 14. c3 d4 15. c4 Qc7 16. a5 Rhg8 17. axb6 axb6 18. Qa4 fxe5 19. Nxe5 Nxe5 20. Bxb7+ Qxb7 21. fxe5 g5 22. Qb5 Kc7 23. b4 Ra8 24. bxc5 Bxc5 25. Kh2 Rgf8 26. Qb1 Be7 27. Qb2 1/2-1/2

[Event "Greve EMT"]
[Site "Greve"]
[Date "1999.??.??"]
[Round "5"]
[White "Jensen, Christine"]
[Black "Hansen, Lars Henrik Bech"]
[Result "0-1"]
[WhiteElo "2010"]
[BlackElo "2180"]
[PlyCount "106"]
[EventDate "1999.??.??"]
[EventType "tourn"]
[EventRounds "5"]
[EventCountry "DEN"]
[SourceTitle "EXT 2000"]
[Source "ChessBase"]
[SourceDate "1999.11.16"]
[SourceVersion "1"]
[SourceVersionDate "1999.11.16"]
[SourceQuality "1"]

1. d4 g6 2. c4 Bg7 3. e4 d6 4. Nc3 Nf6 5. f3 0-0 6. Be3 e5 7. Nge2 Nc6 8. d5 Ne7 9. Qd2 c6 10. Nc1 cxd5 11. cxd5 Ne8 12. Be2 f5 13. 0-0 f4 14. Bf2 g5 15. Nd3 h5 16. Rfc1 g4 17. Rc2 Ng6 18. Rac1 Bd7 19. Ne1 Bh6 20. Bb5 a6 21. Bxd7 Qxd7 22. Qe2 g3 23. Bb6 gxh2+ 24. Kh1 Bg5 25. Nd1 Bh4 26. Kxh2 Bg3+ 27. Kg1 Qe7 28. Nf2 Nh8 29. Rc8 Rxc8 30. Rxc8 Qh4 31. Kf1 Qh2 32. Nh3 Qh1+ 33. Bg1 Ng6 34. a4 Bh2 35. Rb8 Nh4 36. Rxb7 Nf6 37. Qxa6 Bxg1 38. Nxg1 Nxe4 39. Qa7 Ng3+ 40. Kf2 Nhf5 41. Rb8 Qh4 42. Rxf8+ Kxf8 43. Nh3 e4 44. fxe4 Nxe4+ 45. Ke2 Qg4+ 46. Kd3 Nc5+ 47. Kd2 f3 48. Qb8+ Kf7 49. Qc7+ Ne7 50. Nf2 Qd4+ 51. Ned3 Nxd3 52. Nxd3 fxg2 53. Qxd6 g1Q 0-1

[Event "Greve EMT"]
[Site "Greve"]
[Date "1999.??.??"]
[Round "1"]
[White "Larsen, Peter"]
[Black "Jensen, Christine"]
[Result "0-1"]
[WhiteElo "2261"]
[BlackElo "2010"]
[PlyCount "72"]
[EventDate "1999.??.??"]
[EventType "tourn"]
[EventRounds "5"]
[EventCountry "DEN"]
[SourceTitle "EXT 2000"]
[Source "ChessBase"]
[SourceDate "1999.11.16"]
[SourceVersion "1"]
[SourceVersionDate "1999.11.16"]
[SourceQuality "1"]

1. e4 c5 2. Nf3 e6 3. c3 d5 4. e5 Ne7 5. d4 b6 6. Bg5 Qd7 7. Na3 Ba6 8. Bxa6 Nxa6 9. Qe2 Nc7 10. 0-0 h6 11. Bxe7 Bxe7 12. Nc2 0-0 13. Ne3 Rfc8 14. Ne1 cxd4 15. cxd4 Qb5 16. Nd3 Qa4 17. Qg4 Nb5 18. b4 Bxb4 19. Nxb4 Qxb4 20. Rad1 Nc3 21. Nc2 Qa4 22. Ne3 Nxd1 23. Rxd1 Rc3 24. h4 Rac8 25. Kh2 Qxa2 26. Qf4 Qe2 27. Ra1 a5 28. g4 Rc1 29. Rxc1 Rxc1 30. Nxd5 Qe1 31. Ne7+ Kf8 32. Ng6+ Ke8 33. Qf3 Qg1+ 34. Kh3 Qh1+ 35. Qxh1 Rxh1+ 36. Kg2 fxg6 0-1

[Event "Stockholm op (Women)"]
[Site "Stockholm"]
[Date "1998.08.06"]
[Round "6"]
[White "Jensen, Christine"]
[Black "Johnsen, Sylvia"]
[Result "1-0"]
[WhiteElo "2010"]
[BlackElo "2020"]
[PlyCount "61"]
[EventDate "1998.08.??"]
[EventType "swiss"]
[EventRounds "9"]
[EventCountry "SWE"]
[SourceTitle "EXT 1999"]
[Source "ChessBase"]
[SourceDate "1998.11.16"]
[SourceVersion "1"]
[SourceVersionDate "1998.11.16"]
[SourceQuality "1"]

1. d4 d5 2. Nf3 Nf6 3. g3 e6 4. Bg2 c5 5. 0-0 Nc6 6. c4 cxd4 7. cxd5 exd5 8. Nxd4 Be7 9. Nc3 0-0 10. a3 Qb6 11. Be3 Qd8 12. b4 a5 13. b5 Ne5 14. Qb3 Be6 15. Rfd1 Neg4 16. Bf4 Bd6 17. Nxd5 Nxd5 18. Nxe6 fxe6 19. Bxd5 Qb6 20. Bxe6+ Kh8 21. Bxg4 Bxf4 22. gxf4 Rxf4 23. Qg3 Raf8 24. Bf3 R4f6 25. Kh1 Qxb5 26. Rab1 Qc5 27. Rxb7 Rg6 28. Qh4 Rgf6 29. Qd4 Qxa3 30. Rg1 g6 31. Rxg6 1-0

[Event "DEN-chT 9798"]
[Site "Denmark"]
[Date "1997.11.15"]
[Round "2.8"]
[White "Jensen, Christine"]
[Black "Sorensen, Michael DF"]
[Result "1/2-1/2"]
[WhiteElo "2005"]
[BlackElo "2130"]
[PlyCount "177"]
[EventDate "1997.11.02"]
[EventType "team-tourn"]
[EventRounds "7"]
[EventCountry "DEN"]
[SourceTitle "EXT 2023"]
[Source "ChessBase"]
[SourceDate "2022.10.05"]
[SourceVersion "1"]
[SourceVersionDate "2022.10.05"]
[SourceQuality "1"]
[WhiteTeam "Espergaerde"]
[BlackTeam "Aarhus"]
[WhiteTeamCountry "DEN"]
[BlackTeamCountry "DEN"]

1. d4 Nf6 2. c4 c5 3. d5 b5 4. cxb5 a6 5. b6 Bb7 6. Nc3 e6 7. e4 exd5 8. exd5 d6 9. a4 Qxb6 10. a5 Qc7 11. Nf3 g6 12. Bc4 Qe7+ 13. Qe2 Qxe2+ 14. Kxe2 Nbd7 15. Re1 0-0-0 16. Kf1 h6 17. Rb1 Re8 18. Rxe8+ Nxe8 19. b4 cxb4 20. Rxb4 Bg7 21. Na4 Nc7 22. Nb6+ Nxb6 23. Rxb6 Rd8 24. Bf4 Bxd5 25. Bxd5 Nxd5 26. Rc6+ Kb7 27. Rc4 Nxf4 28. Rxf4 Rd7 29. Rb4+ Ka7 30. Nd4 Rc7 31. Ke2 Rc5 32. Ke3 Bxd4+ 33. Rxd4 d5 34. Ra4 Kb7 35. Kd4 Kc6 36. Ra2 f6 37. Re2 Rc4+ 38. Kd3 Kd6 39. Rb2 Rc6 40. Kd4 Rc4+ 41. Kd3 Kc7 42. Re2 Kd7 43. Rb2 h5 44. Rb6 Rc6 45. Rb2 Kd6 46. Kd4 Rc4+ 47. Kd3 Kc7 48. Re2 Kd7 49. Rb2 g5 50. Rb6 Rc6 51. Rb2 Kd6 52. Kd4 Rc4+ 53. Kd3 Kc7 54. Re2 Kd7 55. Rb2 f5 56. Rb6 Rc6 57. Rb2 Kd6 58. Kd4 Rc4+ 59. Kd3 Kc7 60. Re2 Kd7 61. Re5 Rf4 62. f3 Kd6 63. Re8 Ra4 64. Rg8 g4 65. Rg6+ Ke5 66. fxg4 Rxg4 67. Rxa6 Rxg2 68. Ra8 Rxh2 69. a6 Ra2 70. a7 Kf4 71. Kd4 Ra5 72. Kd3 h4 73. Ke2 Ra2+ 74. Kf1 h3 75. Kg1 d4 76. Rd8 Rxa7 77. Rxd4+ Kg3 78. Rd3+ Kg4 79. Rd4+ f4 80. Rd8 Ra2 81. Rg8+ Kf3 82. Rb8 Rg2+ 83. Kh1 Kg3 84. Rg8+ Kf2 85. Rb8 f3 86. Rh8 Kf1 87. Rb8 Re2 88. Rb1+ Re1 89. Rb2 1/2-1/2

[Event "Olympiad-29"]
[Site "Novi Sad"]
[Date "1990.11.20"]
[Round "4"]
[White "Jensen, Christine"]
[Black "Abdullah, Mohd Kamal"]
[Result "0-1"]
[WhiteElo "2040"]
[BlackElo "2235"]
[PlyCount "90"]
[EventDate "1990.11.17"]
[EventType "team-swiss"]
[EventRounds "14"]
[EventCountry "YUG"]
[SourceTitle "EXT 2019"]
[Source "ChessBase"]
[SourceDate "2018.10.10"]
[SourceVersion "1"]
[SourceVersionDate "2018.10.10"]
[SourceQuality "1"]
[WhiteTeam "Bermuda"]
[BlackTeam "Malaysia"]
[WhiteTeamCountry "BER"]
[BlackTeamCountry "MAS"]

1. d4 Nf6 2. c4 g6 3. Nc3 Bg7 4. Nf3 0-0 5. Bg5 c5 6. e3 d6 7. Be2 Nc6 8. 0-0 e5 9. dxc5 dxc5 10. a3 Be6 11. Ne4 Qxd1 12. Nxf6+ Bxf6 13. Rfxd1 Bg7 14. Nd2 h6 15. Bh4 g5 16. Bg3 f5 17. f4 gxf4 18. exf4 e4 19. Rab1 Nd4 20. Bf1 e3 21. Nf3 e2 22. Rdc1 Nxf3+ 23. gxf3 exf1Q+ 24. Kxf1 b5 25. cxb5 Ba2 26. b3 Rfd8 27. Bf2 Bxb1 28. Rxb1 Bd4 29. Rc1 Rac8 30. a4 Bxf2 31. Kxf2 Rd4 32. Kg3 Kf7 33. Rc3 Ke6 34. Re3+ Kd6 35. Re5 Rg8+ 36. Kf2 Rxf4 37. Re3 Rh4 38. a5 Rxh2+ 39. Kf1 Rgg2 40. Rd3+ Ke5 41. b6 Rb2 42. Kg1 Rhc2 43. Rd1 axb6 44. b4 Kf4 45. bxc5 Kg3 0-1

[Event "Olympiad Women-29"]
[Site "Novi Sad"]
[Date "1990.11.20"]
[Round "4"]
[White "Jensen, Christine"]
[Black "Lumongdong, Lisa Karlina"]
[Result "0-1"]
[WhiteElo "2040"]
[BlackElo "2005"]
[PlyCount "62"]
[EventDate "1990.11.17"]
[EventType "team-swiss"]
[EventRounds "14"]
[EventCountry "YUG"]
[SourceTitle "EXT 2019"]
[Source "ChessBase"]
[SourceDate "2018.10.10"]
[SourceVersion "1"]
[SourceVersionDate "2018.10.10"]
[SourceQuality "1"]
[WhiteTeam "Denmark (W)"]
[BlackTeam "Indonesia (W)"]
[WhiteTeamCountry "DEN"]
[BlackTeamCountry "INA"]

1. d4 Nf6 2. c4 c5 3. d5 g6 4. Nc3 Bg7 5. e4 d6 6. f3 0-0 7. Bg5 h6 8. Be3 e6 9. Qd2 exd5 10. cxd5 h5 11. Nge2 Nbd7 12. Nc1 Ne5 13. Be2 Nh7 14. 0-0 Qe7 15. Rb1 f5 16. b4 b6 17. bxc5 bxc5 18. Nb3 Bd7 19. Na5 Rab8 20. h3 fxe4 21. Nxe4 Bf5 22. Rbc1 Bxe4 23. fxe4 Rb4 24. Bf3 Qh4 25. Nc6 Nc4 26. Qd3 Nxe3 27. Qxe3 Rb2 28. e5 Ng5 29. exd6 Nxh3+ 30. gxh3 Qg3+ 31. Bg2 Qxg2# 0-1

[Event "Aarhus (Women)"]
[Site "Aarhus"]
[Date "1990.??.??"]
[Round "9"]
[White "Berg, Tine"]
[Black "Jensen, Christine"]
[Result "0-1"]
[WhiteElo "2045"]
[BlackElo "2040"]
[PlyCount "98"]
[EventDate "1990.??.??"]
[EventType "tourn"]
[EventRounds "9"]
[EventCountry "DEN"]
[SourceTitle "EXT 2000"]
[Source "ChessBase"]
[SourceDate "1999.11.16"]
[SourceVersion "1"]
[SourceVersionDate "1999.11.16"]
[SourceQuality "1"]

1. g3 d5 2. Nf3 Nf6 3. Bg2 c5 4. d3 e6 5. 0-0 Be7 6. Nbd2 Nc6 7. e4 d4 8. Nc4 0-0 9. h3 Nd7 10. Bf4 Nb6 11. Nxb6 Qxb6 12. b3 h6 13. Nh2 e5 14. Bd2 Qd8 15. f4 Kh8 16. Qh5 f6 17. f5 Qe8 18. Qe2 g5 19. Bf3 Rg8 20. Bh5 Qf8 21. Bg6 Qg7 22. Qh5 Bf8 23. Bf7 Bd7 24. Ng4 Nb4 25. Rfc1 Na6 26. Kh2 Nc7 27. Rg1 Be8 28. Bxe8 Nxe8 29. h4 Qh7 30. hxg5 hxg5 31. Qxh7+ Kxh7 32. Kg2 Kg7 33. Rh1 Rh8 34. Rxh8 Kxh8 35. Bxg5 fxg5 36. Nxe5 Kg7 37. Rh1 Nf6 38. Nf3 g4 39. Ne5 Bd6 40. Nc4 Bc7 41. e5 Nd5 42. Rh5 b5 43. Nd6 Bxd6 44. exd6 Nf6 45. Rh1 Re8 46. Kf2 Re5 47. Re1 Rxe1 48. Kxe1 b4 49. Kd2 Nd7 0-1

[Event "Aarhus (Women)"]
[Site "Aarhus"]
[Date "1990.??.??"]
[Round "4"]
[White "Jensen, Christine"]
[Black "Burchardt, Brigitte"]
[Result "0-1"]
[WhiteElo "2040"]
[BlackElo "2205"]
[PlyCount "60"]
[EventDate "1990.??.??"]
[EventType "tourn"]
[EventRounds "9"]
[EventCountry "DEN"]
[SourceTitle "EXT 2000"]
[Source "ChessBase"]
[SourceDate "1999.11.16"]
[SourceVersion "1"]
[SourceVersionDate "1999.11.16"]
[SourceQuality "1"]

1. d4 e6 2. c4 f5 3. Nc3 Nf6 4. Bg5 Be7 5. Nf3 0-0 6. e3 b6 7. Be2 Bb7 8. 0-0 d6 9. Qc2 Nbd7 10. Nd2 Kh8 11. b4 h6 12. Bh4 a6 13. a4 e5 14. f4 exd4 15. exd4 d5 16. c5 a5 17. Nd1 c6 18. bxa5 bxc5 19. Ne3 Ne4 20. Bxe7 Qxe7 21. Nf3 Ng3 22. hxg3 Qxe3+ 23. Kh2 cxd4 24. Qb2 Rab8 25. Nxd4 Ba6 26. Qc2 Bxe2 27. Nxe2 Nf6 28. Rab1 Ng4+ 29. Kh1 Qe8 30. Rxb8 Qh5+ 0-1

[Event "Wch U20 Girls"]
[Site "Santiago de Chile"]
[Date "1990.??.??"]
[Round "2"]
[White "Jensen, Christine"]
[Black "Velikhanli, Firuza"]
[Result "0-1"]
[WhiteElo "2040"]
[BlackElo "2275"]
[PlyCount "80"]
[EventDate "1990.08.??"]
[EventType "swiss"]
[EventRounds "11"]
[EventCountry "CHI"]
[SourceTitle "EXT 1997"]
[Source "ChessBase"]
[SourceDate "1996.11.15"]
[SourceVersion "1"]
[SourceVersionDate "1996.11.15"]
[SourceQuality "1"]

1. d4 Nf6 2. c4 g6 3. f3 c5 4. d5 d6 5. Nc3 Bg7 6. e4 0-0 7. Bg5 Nbd7 8. Nh3 h6 9. Be3 Ne5 10. Nf2 e6 11. Qd2 exd5 12. cxd5 Kh7 13. Be2 a6 14. a4 Rb8 15. 0-0 Qe8 16. a5 Bd7 17. h3 Bb5 18. Nxb5 axb5 19. a6 Nc4 20. Bxc4 bxc4 21. a7 Ra8 22. Ra5 b6 23. Ra6 Qb5 24. Rfa1 Ne8 25. Nd1 Nc7 26. R6a2 Qd7 27. Nc3 Nb5 28. Nxb5 Qxb5 29. Qc2 Rfe8 30. Rc1 Re7 31. Bf4 Bd4+ 32. Kh2 Rexa7 33. Rxa7 Rxa7 34. Qxc4 Qxb2 35. Rc2 Qa1 36. Bxd6 Qg1+ 37. Kg3 Qe1+ 38. Kg4 h5+ 39. Kf4 Be3+ 40. Ke5 Qg3+ 0-1